000 00306nam a22001337a 4500
008 170727b xxu||||| |||| 00| 0 eng d
020 _a1881228959
041 _aeng
080 _a004
100 _a31
101 _aSHK
245 _aSTATA GRAPHICS REFERENCE MANUAL RELEASE 9
_cYONKERS
942 _2udc
_cBK
999 _c22045
_d22045